000 01005cad a22002055a 4500
001 L158038
008 140131s2014 xxk f 000 0 eng d
035 _a(Sirsi) u158038
041 0 _aeng
110 2 _aUnited Kingdom
_bHomes and Communities Agency
_95686
245 0 0 _aAffordable homes programme 2015-18
_bProspectus
260 _aLondon
_bHCA
_c2014
520 _aSeeks to increase the supply of new affordable homes in England by contributing to the delivery of 165 000 new homes by March 2018. These will include both general needs housing and other types of housing. The publication of the Prospectus signals the start of the bid round which will close at on 30 April 2014.
590 _aKA
651 4 _aEngland and Wales
_y1543-
690 _aResidential property
_96266
690 _aPlanning and development
_96259
856 4 0 _uhttps://www.homesandcommunities.co.uk/sites/default/files/our-work/ahp_2015-18.pdf
_zView the item free of charge at www.homesandcommunities.co.uk
942 _n0
999 _c115094
_d115094